טוען...
Vidhya : tarkasangraha deepika/
| מחבר ראשי: | |
|---|---|
| פורמט: | Printed Book |
| יצא לאור: |
Varanasi:
Bharatiya Vidya Prakashan,
|
| נושאים: |
| LEADER | 00546nam a22001571a 4500 | ||
|---|---|---|---|
| 082 | |a S 181.43 |b JAY/V | ||
| 100 | |a Jayakant Jha |9 118784 | ||
| 245 | |a Vidhya : |b tarkasangraha deepika/ |c by Jayakant Jha | ||
| 260 | |a Varanasi: |b Bharatiya Vidya Prakashan, |c | ||
| 300 | |a 38p. | ||
| 650 | |a Nyaya Philosophy |9 118785 | ||
| 650 | |a Philosophy India |9 118786 | ||
| 650 | |a Philosophy |9 118787 | ||
| 942 | |c BK | ||
| 999 | |c 49758 |d 49758 | ||
| 952 | |0 0 |1 0 |4 0 |6 S_181_430000000000000 |7 0 |9 72386 |a SSUS |b SSUS |d 2015-01-08 |g 8.00 |o S181.43 |p 021231 |r 2015-01-08 |v 0.00 |w 2015-01-08 |y BK | ||